000 00565nam a22002297a 4500
001 34651
003 UA-OsUOA
005 20211105184611.0
007 ta
008 20051017b un ||||| |||| 00| 0 ukr d
040 _aUA-OsUOA
_brus
_cUA-OsUOA
_dUA-OsUOA
041 _arus
080 _a94(47+57)
090 _a94(47+57)
_bШ91
100 _aШтильмарк Р. А.
245 _aОбразы России
260 _aМ.
_bМолодая гвардия
_c1967
300 _a440 с.
650 7 _a94 Історія
_2UDC
942 _cBK
_2udc
955 _a2
999 _c321076
_d321076